000 00859nam a2200181 i 4500
001 162497
003 ES-MaACL
005 20230906212536.0
008 000705s1849 sp |||| | spa d
100 1 _aPou y Camps, Juan María.
_9131312
245 1 0 _aDiscurso pronunciado en la solemne inauguración de los estudios de la Universidad Literaria de Madrid el día 1º de octubre de 1849 /
_cpor el Doctor D. Juan María Pou y Camps.
260 _aMadrid :
_b[s.n.],
_c1849 (
_fimp. de José María Ducazcal)
300 _a43 p. ;
_c25 cm.
594 _aTema: Contribución de las ciencias al florecimiento de los estados y a la felicidad de los pueblos
650 4 _aCivilización-
_yS.XIX.
_9146955
710 2 _aUniversidad Literaria de Madrid.
_97388
852 4 _aES-MaACL
_jT-25-F-14
_z- Enc. hol., falto de cub. original
_z- Enc. en un vol. facticio
999 _c162497
_d162497